000 002960000a22000970004500
100 1 _aDe Chirico, Leonardo (1967- )
245 1 0 _aEvangelicals and the Roman Catholic church sice Vatican II
300 _aVol. 10, Núm 1 (2001), Páginas 25-36
773 0 _tEuropean Journal of Theology
942 _cANA
999 _c53970
_d53970